The tenants

Novela de ficción que se desarrolla en la década de 1950, gira en torno a dos escritores, uno de origen judío y el otro de origen afroamericano, quienes luchan por sobrevivir en una sociedad estadounidense caracterizada por la discriminación y la desigualdad. La obra escrita en 1971 por Bernad Malam...

Description complète

Enregistré dans:
Détails bibliographiques
Auteur principal: Malamud, Bernard
Format: Livre
Langue:English
Publié: New York, Estados Unidos Pocket Books 1972
Sujets:
Tags: Ajouter un tag
Pas de tags, Soyez le premier à ajouter un tag!

MARC

LEADER 00000nam a2200000Ia 4500
008 170316s9999 xx 000 0 eng d
040 |a cru BVZT 
090 |a 810 M-6t 
100 |a Malamud, Bernard  |9 561 
245 4 |a The tenants  |c / Bernard Malamud 
260 |a New York, Estados Unidos 
260 |b Pocket Books 
260 |c 1972 
300 |a 212 páginas 
520 |a Novela de ficción que se desarrolla en la década de 1950, gira en torno a dos escritores, uno de origen judío y el otro de origen afroamericano, quienes luchan por sobrevivir en una sociedad estadounidense caracterizada por la discriminación y la desigualdad. La obra escrita en 1971 por Bernad Malamud, es un retrato fiel y desolador de lo que era la sociedad estadounidense. Aclamada por el público como una de las mejores obras de Malamud, se convirtió en un relato de reflexión, que pone sobre la mesa la importancia de los valores para poder convivir unos con otros. 
650 |a LITERATURA ESTADOUNIDENSE  |9 25 
650 |a EN IDIOMA INGLÉS  |9 129 
650 |a NOVELA  |9 13 
999 |c 5974  |d 5974 
942 |c 15 D  |h 810 M-6t  |2 z